000 002790000a22001090004500
090 _aAR
_b04656
100 1 _aAlberico, Michael
_96446
245 1 0 _aMedición de diversidad biológica
041 0 _aEspañol
942 _cARTICULO
773 1 _tCespedesia
_h41-42
_q21-29
_d1982
_gSuppl. 3
999 _c13756
_d13756